[Event "ACT Amsterdam"]
[Site "?"]
[Date "2006.07.19"]
[Round "5"]
[White "Zhang, Tony"]
[Black "Witt, Rob"]
[Result "1-0"]
[WhiteElo "2217"]
[BlackElo "2296"]
[Annotator "Witt"]
[PlyCount "87"]
[EventDate "2006.??.??"]

{Op de warmste dag van het jaar had ik er 's morgens wel weer zin in. De dag
daarvoor had ik helaas een gedwongen rustdag omdat mijn Engelse tegenstander
Taylor bij aanvang meldde dat hij liever niet wilde spelen omdat hij 's avonds
naar Engeland terug moest i.v.m. een plotselinge ziekenhuisopname van zijn
moeder. Als ik wilde konden we spelen, maar hij voelde zich daar niet toe in
staat. Daar wilde ik niet van profiteren, dus dan maar een rustdag. Ik heb tot
een uur of 3 nog rondgelopen, maar toen, volkomen bevangen door de hitte, maar
naar huis gegaan om de etappe Alpe d'Huez te bekijken. Ik kwam dus zogenaamd
uitgerust naar de 5e ronde. Eenmaal aan het bord gezeten, merkte ik dat alle
energie langzaam wegvloeide. De partij is dramatisch slecht. Niet alleen de
blunder op het eind, maar talloze fouten in eerdere fases.} 1. e4 e6 2. d4 d5
3. e5 {Ik had eerlijk gezegd Tarrasch verwacht omdat hij eerder in het
toernooi de Doorschuifvariant niet al te best speelde en ik had gezien dat hij
ook de Tarrasch speelde.} c5 4. c3 Nc6 5. Nf3 Qb6 6. a3 Nh6 7. b4 cxd4 8. cxd4
Nf5 9. Bb2 {5'} Bd7 {3' De andere grote variant van dit systeem. Mijn
gebruikelijke 9....Le7 had hij inderdaad goed voorbereid. Hoewel, hij zou het
met 10.h4 hebben aangepakt. Als ik dat geweten had......} 10. g4 {15'} Nh6 {
Tegenwoordig is op topniveau 10....Pfe7 populairder, maar de tekstzet is
volgens mij (en belangrijker nog, Lputian) ook goed speelbaar.} 11. h3 {19'} ({
Ik begrijp nog steeds niet waarom deze zet populairder is dan het alternatief} 
11. Rg1) 11... f6 {4' Zwart heeft hier ook andere goede zetten, maar met deze
heb ik enige ervaring.} 12. exf6 {31'} gxf6 13. Nc3 Nf7 {6'} 14. Be2 $6 $146 {
37' Nieuw en van twijfelachtige waarde.} (14. Na4 Qc7 15. Rc1 Bh6 $1 (15... Qd6
$6 {Spaan - Bensdorp, Amsterdam ACT 2005 (40.1-0)}) 16. Rc3 {Afek - Bensdorp,
Wijk aan Zee 2006 (33.1-0) en}) (14. Rc1 Bh6 15. Na4 Qd8 {Zult - Witt, Euwe
Intern 19-01-2006 (28.0-1)}) 14... Qd8 {21'} (14... Qc7 $5 15. Nb5 $6 (15. Rc1)
15... Qd8) (14... Bh6) 15. O-O $2 {41' Veel te riskant, of liever gewoon
slecht.} Bd6 {30'} (15... h5 $1 {is geweldig voor zwart. Ik heb er naar
gekeken, maar kan niet verklaren waarom ik het nagelaten heb. Ik heb geloof ik
een kwartiertje zitten suffen zonder iets concreet te berekenen.}) 16. Re1 {46'
} O-O $6 {Consequent gezien het voorgaande en ook goed voor zwart, maar
opnieuw was h5 sterk.} ({Opnieuw} 16... h5 $1) 17. Bd3 {50'} Ng5 $1 {33' Ook
hier was ik tevreden aan het rondlopen. En ik had de avond tevoren Arne nog
wel aangeraden om zo weinig mogelijk rond te lopen omdat je het er alleen maar
warm van krijgt. Helemaal killing is het als je even naar boven naar de bar
moet om drinken te halen. Ik moest een tijdje wachten en met een verhit hoofd
ging ik weer naar mijn bord.} 18. Kg2 {1.07'} Nxf3 {Nadat ik a tempo geslagen
had realiseerde ik me dat ik toch wel even naar andere mogelijkheden had
kunnen kijken. Gelukkig was het de beste.} 19. Qxf3 Ne7 $2 {49' Op mijn
notatiebiljet staat Pg6?!? Kennelijk was ik hier al bevangen door de hitte. Ik
was ook teleurgesteld dat geplande pionwinst Pxd4 bij nader inzien niet zo
duidelijk was???} (19... Nxd4 20. Bxh7+ {Die zag ik pas toen ik aan het
nadenken was.} (20. Qe3 Nc6 21. Qh6 Rf7 22. f4 Qf8 {is ook goed voor zwart.})
20... Kxh7 21. Qd3+ f5 $1 {Totaal niet gezien, ik keek alleen naar
koningszetten en die vond ik onduidelijk.} (21... Kh8 22. Qxd4) 22. Qxd4 Qg5 {
met groot voordeel voor zwart. De ene toren kan naar g8 en de andere naar c4.})
20. Bc1 {1.12' over 48' Wit wil gaag de zwarte lopers ruilen.} Kh8 $2 {51'
over 1.09' Het idee was dat Lf4 nu niet goed is wegens e5. Hiertoe was achtera
Tf7 nog geschikter.} (20... Rf7 $1 {bijv.} 21. Bh6 Qb6 $15) 21. Bf4 $2 ({
Beter eerst} 21. Bh6 Rf7 {en dan pas} 22. Bf4 Qb6 {met een onduidelijke
stelling.}) 21... Qc7 $2 {56' Om meerd dan één reden slecht.} (21... e5 $1 {
Dit was ik van plan. Maar ineens "zag ik de weerlegging"??} 22. Bg3 $2 ({
Ik was wel tevreden over} 22. Bh6 e4 23. Bxe4 ({Ik had alleen gekeken naar} 23.
Nxe4 Ng6 {Dit kan nu even tussendoor.} 24. Kh1 Nh4 25. Qd1 dxe4 26. Bxe4 Re8
27. Bxb7 Rb8 $17) 23... dxe4 24. Nxe4 Bc6 25. Bxf8 Qxf8 $15) 22... e4 23. Nxe4
({Ook goed voor zwart is} 23. Qe3 Bxg3 24. fxg3 exd3 25. Qxe7 Rc8 26. Qxd8
Rfxd8 $17) 23... dxe4 24. Qxe4 $4 {en er dreigt zowel mat op h7 als de loper
slaan op d6. Helaas voo wit volgt nu het ontnuchterende} Bc6 {met damewinst.})
({Als ik dat dan niet zie, dan had ik moeten kiezen voor} 21... Qb8 22. Bg3 $14
) 22. Bxd6 $6 {28'} ({Heel sterk was hier het kwaliteitsoffer} 22. Rxe6 $1 Bxe6
23. Nb5 Qd7 24. Nxd6 {Misschien had mijn tegenstander het wel gezien, maar
niet aangedurfd. Ik heb het in ieder geval totaal gemist.}) 22... Qxd6 {
Het staat nu ongeveer gelijk.} 23. Qg3 Qxg3+ $2 {52' Wel ja, gaat vrijwillig
een iets minder eindspel in.} (23... Qb6 24. Ne2 Rf7 $13) 24. Kxg3 Nc6 {50'}
25. Ne2 {26'} Kg7 $6 (25... a6) (25... e5) 26. Rac1 Rac8 {48'} 27. Bb1 $6 {24'}
(27. f4 $1 $14) 27... h6 $6 {Nog steeds met het verkeerde idee om met de
koning naar het centrum te lopen.} 28. f4 Kf7 {45'} 29. Ba2 Ke7 $2 (29... Ne7
$13) 30. Nc3 {18' Niet gezien natuurlijk. Ik kan helemaal niet naar d6.} Nxd4
$2 {38'} (30... Kd8 31. Nb5 Rb8 32. f5 $14) 31. Bxd5 $2 {17' Die had ik niet
eens overwogen, maar is ook minder goed.} ({Veel sterker was} 31. Nxd5+ {
wel gezien} Kd6 32. Rcd1 exd5 33. Rxd4 Rc3+ {Hier had ik op vertrouwd. Maar er
volgt sterk} 34. Kh4 Bc6 35. Bxd5 Bxd5 36. Red1 Rxa3 37. Rxd5+ {en zwart heeft
het heel moeilijk.}) 31... b6 $6 {36'} (31... Kd8 $13) 32. Ba2 $6 {12'} (32.
Bb7 $1 Rcd8 33. Re4 $14) 32... Rc6 $6 {35'} (32... h5 $1) 33. Nd5+ {11'} Kd6 $2
{34' Ik speel deze fase veel snel en op gevoel. Ik was echter niet in staat om
iets fatsoenlijk uit te rekenen.} (33... Kd8 34. Rxc6 Bxc6 35. Nc3 $14) 34.
Rxc6+ $2 {10' Dit geeft het voordeeltje weg.} (34. Rcd1 exd5 35. Rxd4 Rc3+ 36.
Kh4 Bc6 37. Bxd5 Bxd5 38. Red1 Rxa3 39. Rxd5+ Kc7 40. b5 {met winstkansen.})
34... Bxc6 35. Ne3 Kc7 {31' niet nodig.} (35... Rd8 $11) 36. Kf2 {8'} Rd8 {29'}
37. Rd1 {7} Ba4 $2 {25' Met remiseaanbod , met name omdat ik niet het gevoel
had dat ik nog iets zag.} (37... e5 $1 38. fxe5 fxe5 $11 {Als er iemand beter
staat, is dat zwart.}) 38. Rd2 {5' Heel goed . Als ambitieuze jeugdspeler moet
je altijd doorspelen anders wordt je nooit meester. Waarschijnlijk had hij
hier zijn truc gezien. Ik zag niets meer.} Bb5 $4 {24'} ({Noodzakelijk was} 
38... Bc6 {maar wit kan het nog proberen met} 39. Nc2 $14) 39. f5 $1 {4'
Natuurlijk, wit gaat de h-pion winnen.} Rd6 $2 {16' Dit kost zelfs een stuk,
hoewel ik dat hier nog niet zag.} ({Noodzakelijk was} 39... Rd7 40. fxe6 (40.
Rd1 $5) 40... Nxe6 41. Rxd7+ Kxd7 42. Bxe6+ Kxe6 43. Nf5 Ke5 (43... Kd5 44. Ke3
$1) 44. Nxh6 Kf4 (44... Bd7 $5) 45. Nf5 a5 {en misschien kan zwart dit nog
houden.}) 40. fxe6 Nxe6 41. Rxd6 Kxd6 42. Nf5+ Ke5 43. Bxe6 Kxe6 {Ik dacht
hier nog steeds dat ik alleen mijn h-pion verloor!} 44. Nd4+ {Oh. Ik denk
eigenlijk niet dat mijn tegenstander verdiende te winnen, maar wel dat ik
verdiende te verliezen. Ik kan me niet herinneren dat ik ooit zo weinig gezien
heb in een partij. Veel erger dan in de derde ronde waar mijn spel in grote
lijnen wel goed was, maar op het eind ontsierd werd door een totale blackout.}
1-0

[Event "ACT Amsterdam"]
[Site "Amsterdam NED"]
[Date "2006.07.20"]
[Round "6"]
[White "Breivik, Lars"]
[Black "Witt, Rob"]
[Result "1-0"]
[WhiteElo "2226"]
[BlackElo "2296"]
[PlyCount "55"]
[EventDate "2006.07.15"]

{Na mijn afschuwelijke nederlaag in de 5e ronde en een score van 1/2-4 had ik
besloten dat het toernooi voor mij afgelopen was. Geen voorbereiding meer,
lekker relaxan, wat andere openingen spelen en gewoon proberen met nog een
paar fatsoenlijke partijen het toernooi af te sluiten.} 1. d4 e6 2. Nf3 f5 {
Ik had voor het laatst Hollands (Stonewall) gespeeld in het toernooi van Baden
Baden 1985 tegen Quinteros. Een geweldige partij die uiteindelijk remise werd.
Toen ik dat toen speelde, viel mijn secondant Filip Goldstern bijna van zijn
stoel. Wij hadden de hele avond Slavisch voorbereid, maar toen we de volgende
dag naar de schitterende toernooizaal in het Kurhaus liepen, had ik daar
plotseling geen zin meer in.} 3. d5 {Ai, hier weet ik niks van. Ik heb ooit
een partij van Miles gezien die een nogal bizar verloop had.} Nf6 {9'} ({
Hier de partij van Miles. Let vooral op de stelling na de 12e zet.} 3... exd5
4. Qxd5 d6 5. Ng5 Qe7 6. Nxh7 c6 7. Qb3 Rxh7 8. Qxg8 Rh4 9. Qb3 Na6 10. Qe3 Re4
11. Qd2 Nb4 12. Qd1 Rd4 13. Nd2 f4 14. a3 Nd5 15. c3 Ne3 16. fxe3 Qh4+ 17. g3
fxg3 18. Bg2 gxh2+ 19. Kf1 Qf6+ 20. Ke1 Qh4+ 21. Kf1 {1/2-1/2 Miles - Vaisser,
Elista 1998}) 4. dxe6 {1'} d5 $5 {10' Hier verzonk mijn tegenstander in diep
gepeins. Hij had de variant al vaak gespeeld, maar dit had hij nog nooit
gezien, zelfs niet in vluggertjes. Hij gebruikte zoveel tijd, omdat hij vond
dat hij het moest weerleggen. Waarschijnlijk is de zet echter gewoon goed
speelbaar.} 5. Qd3 {38' Dit blijkt een nieuwe zet te zijn.} ({Er zijn een paar
partijen met} 5. Ng5 {o.a. Miles} Qe7 6. c4 {maar die zijn ook niet
overtuigend.}) 5... Ne4 $1 {28' Waarschijnlijk de beste zet.} ({We hadden ons
allebei natuurlijk ook beziggehouden met} 5... Bxe6 6. Qb5+ (6. Nd4 $5 {
heb ik zelf niet eens naar gekeken.}) 6... Nc6 7. Qxb7 Nb4 {Mijn hoofdvariant
ging verder met} (7... Bd7 $1 {Heb ik ook niet naar gekeken, waarschijnlijk is
dit de beste.} 8. Qb3 Bc5 {en zwart heeft mooi spel voor zijn pion.}) 8. Nd4 $1
(8. Na3 Rb8 9. Qxa7 Ra8 10. Qe3 Ne4 {leek me goed voor zwart.}) 8... Rb8 (8...
Bd7 9. Bf4 $14) 9. Nxe6 Rxb7 10. Nxd8 Kxd8 11. Na3 {en ik zag niet voldoende
compensatie voor zwart, maar misschien valt dat mee.}) 6. Nd4 {51'} (6. Ne5 $2
Qf6 $1 7. Qxd5 $2 c6 $1 $19) (6. Nc3 Bb4 ({of} 6... c6 7. g4 $5) 7. Bd2 c6)
6... c6 {40' Helaas slaag ik er niet in de beste te vinden. Dat was
waarschijnlijk} (6... Nc6 $1 {Belangrijk is nu dat} 7. Nxf5 {slecht is wegens}
Bxe6 8. Ng3 {Het paard heeft geen beter veld.} Nb4 9. Qd1 (9. Qb3 Nc5 10. Qc3
d4 11. Qd2 Nxa2 $17) 9... Bc5 10. Nxe4 dxe4 11. Qxd8+ Rxd8 12. Na3 O-O {
met ruime compensatie voor de pion.}) 7. f3 {1.01'} Nd6 {45' Ik geloof niet
dat het me ooit eerder overkomen is dat er na 1 uur en drie kwartier pas 7
zetten gedaan zijn.} 8. Nxf5 Bxe6 $2 {De eerste zet die ik a tempo doe en
gelijk een rotte. Typerend voor een slechte vorm. Ik moet geen haast maken met
de pion veroveren maar er voorlopig omheen spelen.} (8... Qf6 $1 9. e4 Bxe6 {
met gelijke kansen denk ik.}) 9. Nd4 (9. Qe3 $1 $16 {was nog sterker.}) 9...
Bf7 {50'} 10. Qe3+ {1.06'} Kd7 $2 {We dachten allebei dat dit gedwongen was,
omdat er anders teveel geruild wordt en zwart staat tenslotte een pion achter.}
(10... Be7 11. Ne6 Bxe6 12. Qxe6 Qd7 13. Qxd7+ Nxd7 {was nog best speebaar
geweest, zie ik nu.}) 11. g3 {1.12'} Na6 {59'} 12. Bh3+ Kc7 13. O-O Be7 $6 ({
Beetje rommelen met} 13... h5 {was beter geweest.}) 14. Qf4 $6 (14. Qc3 {
met de bedoeling Lf4 ziet er sterker uit.}) 14... Qg8 $2 {Wit nog 30', zwart
53'} (14... Re8 $1 {gevolgd door Lf6 was veel beter. Wit staat dan iets beter.}
) 15. Nf5 (15. c4 $5) 15... Bf8 $6 (15... Re8) 16. e4 $16 dxe4 {39'} 17. fxe4
g5 $1 {38'} 18. Qxg5 {25'} Qxg5 19. Bxg5 Nxe4 20. Bf4+ Kb6 {37'} 21. Be3+ Bc5
22. Bxc5+ Naxc5 23. Ne3 {22'} Rae8 $4 {31' Ach, ach, ach. Net nu ik een
speelbare stelling bereikt heb, moet ik weer zonodig een "geniale" zet doen.
Dat moet je dus nooit doen als je uit vorm bent. Voor je het weet ben je een
stuk kwijt, zoals hier.} ({Gewoon} 23... Rhf8 {en wit staat nog voor een zware
klus om zijn pluspion in winst om te zetten.}) 24. Rxf7 $18 {20'} Ng5 {dat was
de bedoeling.} 25. Nc4+ {niet gezien.} Ka6 26. Rf5 {18'} Re1+ 27. Bf1 Nce4 {
23' Na 3' nadenken mis ik ook nog een mat in 1 zet!} 28. Ra5# {Aan verliezen
was ik inmiddels gewend en ik vond het toch wel een interessante partij. Hij
is wel veel slechter dan ik tijdens de partij dacht.} 1-0

[Event "ACT Amsterdam"]
[Site "Amsterdam NED"]
[Date "2006.07.21"]
[Round "7"]
[White "Witt, Rob"]
[Black "Hofland, Leo"]
[Result "1/2-1/2"]
[WhiteElo "2296"]
[BlackElo "2272"]
[Annotator "Witt"]
[PlyCount "166"]
[EventDate "2006.07.15"]

{In de 7e ronde trof ik een oude bekende, Leo Hofland. Toen ik jeugdkampioen
van Nederland was in 1970 werd ik gevraagd of ik een oefenmatch wilde spelen
tegen een 16-jarige talentvolle speler uit Den Haag. Wij speelden die match
bij mij thuis in Rotterdam en ik won overtuigend met 4-0. Daarna hebben we
nooit meer gespeeld. Leo was een tijdlang opgehouden met schaken en speelt pas
weer sinds enkele jaren. Dit is dus onze eerste ontmoeting sinds 36 jaar. De
partij is e lang om grondig te analyseren. Ik vraag met name aandacht voor de
slotstelling.} 1. d4 f5 2. Nc3 {2' Geen hoofdvarianten deze keer.} d5 {2'} 3.
Bf4 a6 {8'} ({Niet echt nodig, maar Leo vermijdt iets als} 3... Nf6 4. e3 e6 5.
Nb5 Na6 6. c4) 4. e3 Nf6 5. Bd3 e6 6. Nf3 {9'} Be7 {11'} (6... c5 {is het
alternatief.}) 7. O-O O-O 8. Ne2 {15'} Nbd7 {28'} 9. c4 {18'} Ne4 10. Ne5 {30'}
Nxe5 {48'} 11. Bxe5 Nd6 12. Qc2 {37'} c6 {54'} 13. c5 {49'} Nf7 14. b4 Bf6 {
1.01'} 15. f4 Nh6 16. Qd2 Bd7 17. Nc1 Qe8 {Wit nog 54', zwart 48'} 18. Be2 Bd8
19. Bd6 Be7 {39'} 20. Bxe7 Qxe7 21. Nd3 Nf7 {36'} 22. Rfb1 {48'} Rfb8 {31'} 23.
a3 {Met de bedoeling een paard op b6 te zetten zonder lastig gevallen te
worden door a5.} Qd8 24. Nb2 Qc7 {21'} 25. Na4 {35'} Rd8 26. Nb6 Rab8 27. Bd3 {
32'} Be8 {20'} 28. Na4 {Ik wilde zwart niet de kans geven om Pd6 te spelen,
hoewel dat misschien niet erg is.} Ra8 29. Qe2 g6 30. Rb2 Kg7 31. h3 Kh8 32.
Rab1 Kg7 33. Kh1 {20'} Kh8 {14'} 34. Qf2 Kg7 35. g4 {18'} Qe7 {10'} 36. Rg1 Bd7
37. Qg3 Kh8 38. Nb6 Rab8 39. Rh2 Rg8 40. Rhg2 {3'} Rbf8 {1' Tijdcontrole
geweest, een uur erbij voor de rest van de partij.} 41. g5 {56'} Be8 {53'} 42.
Qe1 Qd8 43. h4 Kg7 44. Qe2 {47'} h6 {43'} 45. Rh2 (45. gxh6+ {heeft de
voorkeur van Fritz} Nxh6 46. Qh5 Kh7 47. Qg5 {Ik heb hier niet serieus naar
gekeken.}) 45... hxg5 46. hxg5 Rh8 47. Rgg2 Rxh2+ 48. Rxh2 Rh8 49. Kg1 {45'}
Rxh2 {39'} 50. Qxh2 Qe7 51. Kf1 Qf8 52. Ke1 Qh8 53. Qxh8+ Kxh8 {Leo ging er
vanuit dat dit eindspel remise te houden was. Ik dacht dat het gewonnen moest
zijn met ergens een stukoffer. In de partij weet ik het niet aan te tonen,
maar zie de slotstelling.} 54. Kd2 Kg7 55. Kc3 Kf8 56. Kb3 Ke7 57. Ka4 Kd8 58.
Ka5 Kc7 59. Na8+ {36'} Kb8 {35'} 60. Nb6 Kc7 61. Na4 Bd7 62. Nc3 Be8 63. Ne2
Bd7 64. Ng1 Be8 65. Nf3 Bd7 66. Nh4 Nh8 67. Be2 Be8 68. a4 Bd7 69. Bd3 {21'}
Bc8 {33'} 70. Nf3 Nf7 71. Nd2 Nd8 72. Nb1 Nf7 73. Nc3 Nd8 74. Bf1 Nf7 75. Be2 {
20'} Nd8 {30'} 76. Nd1 ({Vooral niet willen winnen met} 76. Bh5 $4 gxh5 77. g6
e5 $1 {en zwart wint.}) 76... Nf7 77. Nb2 Nd8 78. Nd3 Nf7 79. Ne5 Nxe5 80. fxe5
{17'} Bd7 {28'} 81. Bd3 Bc8 82. Bf1 Bd7 83. Be2 Be8 {En ik bood remise aan
omdat ik geen winstplan zag. Leo vroeg na afloop nog of ik niet op a6 durfde
te offeren? Ik antwoordde dat ik dat wel durfde, maar dat dat ook remise was.
Een paar dagen na het toernooi stuurde Arne mij een mailtje met de nededeling
dat ik wel kon winnen in de slotstand. Zijn analyse gaat als volgt:} (83... Be8
84. Bxa6 bxa6 85. Kxa6 Bd7 86. b5 cxb5 87. axb5 Be8 88. Ka5 $3 {Dit idee heb
ik gemist. Niet zo gek natuurlijk, we waren al ruim 6 uur bezig en ik heb in
dit toernooi veel eenvoudigere dingen gemist.} Bd7 89. c6 {Pas nu deze opmars,
zodat wit de oppositie krijgt.} Bxc6 90. bxc6 Kxc6 91. Ka6 Kc7 92. Ka7 Kc6 93.
Kb8 {en wint. Arne had dit idee al tijdens de partij gezien. Hij wist alleen
niet 100% zeker of het won. Heel knap.}) 1/2-1/2